书目信息 |
| 题名: |
植物检疫学
|
|
| 作者: | 朱西儒 , 徐志宏 , 陈枝楠 主编 | |
| 分册: | ||
| 出版信息: | 北京 化学工业出版社 2004 |
|
| 页数: | 333页 | |
| 开本: | 24cm | |
| 丛书名: | ||
| 单 册: | ||
| 中图分类: | S41 | |
| 科图分类: | ||
| 主题词: | 植物检疫--高等学校--教材 , 植物检疫 | |
| 电子资源: | ||
| ISBN: | 7-5025-5036-4 | |
| 000 | 01012nam0 2200277 450 | |
| 001 | 012007791670 | |
| 005 | 20070517112540.71 | |
| 010 | @a7-5025-5036-4@dCNY33.00 | |
| 100 | @a20070508d2004 km y0chiy0120 ea | |
| 101 | 0 | @achi |
| 102 | @aCN@b110000 | |
| 105 | @aa z 000yy | |
| 106 | @ar | |
| 200 | 1 | @a植物检疫学@Azhi wu jian yi xue@f朱西儒,徐志宏,陈枝楠主编@Fzhu xi ru,xu zhi hong,chen zhi nan zhu bian |
| 210 | @a北京@c化学工业出版社@d2004 | |
| 215 | @a333页@c图@d24cm | |
| 300 | @a高等学校教材 | |
| 330 | @a本书包括总论,植物检疫原理,进出境植物检疫,植物检疫检验,植物检疫处理,植物病毒、细菌、真菌、线虫、寄生性植物检疫方法、程序等共14章内容,介绍了国内外主要检疫对象种类特征和生物学特征(发生与危害、流行与传染循环、防治措施等)。 | |
| 606 | 0 | @a植物检疫@x高等学校@j教材 |
| 606 | 0 | @a植物检疫 |
| 690 | @aS41@v4 | |
| 701 | 0 | @a朱西儒@Azhu xi ru@4主编 |
| 701 | 0 | @a徐志宏@Axu zhi hong@4主编 |
| 701 | 0 | @a陈枝楠@Achen zhi nan@4主编 |
| 801 | 0 | @aCN@bRULIN@c20070517 |
| 905 | @dS41@e55@s10 | |
| 植物检疫学/朱西儒,徐志宏,陈枝楠主编.-北京:化学工业出版社,2004 |
| 333页:图;24cm |
| 高等学校教材 |
| ISBN 7-5025-5036-4:CNY33.00 |
| 本书包括总论,植物检疫原理,进出境植物检疫,植物检疫检验,植物检疫处理,植物病毒、细菌、真菌、线虫、寄生性植物检疫方法、程序等共14章内容,介绍了国内外主要检疫对象种类特征和生物学特征(发生与危害、流行与传染循环、防治措施等)。 |
| ● |
| 相关链接 |
|
|
|
|
正题名:植物检疫学
索取号:S41/55
 
预约/预借
| 序号 | 登录号 | 条形码 | 馆藏地/架位号 | 状态 | 备注 |
| 1 | 0578727 | 205787273 | 第二样本阅览室/ [索取号:S41/55] | 在馆 | |
| 2 | 0578728 | 205787282 | 教育系资料室/ [索取号:S41/55] | 在馆 | |
| 3 | 0578729 | 205787291 | 教育系资料室/ [索取号:S41/55] | 在馆 | |
| 4 | 0578730 | 205787308 | 教育系资料室/ [索取号:S41/55] | 在馆 | |
| 5 | 0578731 | 205787317 | 教育系资料室/ [索取号:S41/55] | 在馆 | |
| 6 | 0578732 | 205787326 | 第三借阅区/ [索取号:S41/55] | 在馆 | |
| 7 | 0578733 | 205787335 | 第三借阅区/ [索取号:S41/55] | 在馆 | |
| 8 | 0578734 | 205787344 | 第三借阅区/ [索取号:S41/55] | 在馆 | |
| 9 | 0578735 | 205787353 | 第三借阅区/ [索取号:S41/55] | 在馆 | |
| 10 | 0578736 | 205787362 | 第三借阅区/ [索取号:S41/55] | 在馆 |